Population ecology: a unified study of animals and plants
Zapisane w:
| 1. autor: | |
|---|---|
| Kolejni autorzy: | |
| Format: | Książka |
| Język: | angielski |
| Wydane: |
Oxford
Blackwell
1986
|
| Wydanie: | Segunda edición |
| Hasła przedmiotowe: | |
| Etykiety: |
Dodaj etykietę
Nie ma etykietki, Dołącz pierwszą etykiete!
|
MARC
| LEADER | 00000nam a2200000 a 4500 | ||
|---|---|---|---|
| 001 | UCT5284 | ||
| 003 | CL-VaPUC | ||
| 005 | 20230904111505.0 | ||
| 008 | 961205e19860000UK |||||||||||||||||eng|d | ||
| 999 | |c 254250 |d 254248 | ||
| 040 | |c Pontificia Universidad Católica de Valparaíso | ||
| 082 | 0 | 4 | |a 577.88 BEG 1986 |2 21 |
| 100 | 0 | |a Begon, Michael |9 374648 | |
| 245 | 1 | 0 | |a Population ecology: a unified study of animals and plants |
| 250 | |a Segunda edición | ||
| 260 | 0 | 3 | |a Oxford |b Blackwell |c 1986 |
| 300 | |a 220 páginas | ||
| 583 | |a last modification |c 19961205 00:00:00 |k Rodrigo Vera | ||
| 650 | 0 | |a Ecología |9 258124 | |
| 650 | 0 | |a Animales |9 269820 | |
| 650 | 0 | |a Plantas |9 264555 | |
| 650 | 7 | |a RELACIONES ECOLOGICAS |2 CL-VaPUC |9 374650 | |
| 650 | 0 | |a Ecosistemas |9 261477 | |
| 650 | 7 | |a HABITAT |2 CL-VaPUC |9 267395 | |
| 650 | 7 | |a GENETICA DE POBLACIONES |2 CL-VaPUC |9 370465 | |
| 700 | 0 | |a Mortimer, Martin A. E |9 374649 | |
| 942 | |c BK |2 ddc | ||
| 945 | |d 19961205 00:00:00 |a paguirre | ||
| 952 | |0 0 |1 0 |2 ddc |4 0 |6 577_880000000000000_BEG_1986 |7 0 |8 A |9 275751 |a BIBCUR |b BIBCUR |d 2019-11-19 |i 1795538 |o 577.88 BEG 1986 |p 1795538 |r 2025-04-22 |t 1 |w 2019-11-19 |y BK |k BIO | ||